| 000 | 01625nac a22002891i 4500 | ||
|---|---|---|---|
| 003 | EG-ScBUE | ||
| 005 | 20260513092416.0 | ||
| 008 | 101128s1977 ua a fr 000 0 ara d | ||
| 017 | _a1977 / 2142 | ||
| 020 | _a9772012502 | ||
| 040 |
_aEG-ScBUE _bara _erda _cEG-ScBUE _dEG-ScBUE |
||
| 082 | 0 | 4 |
_a553.5 _bت ي ف _222 |
| 100 | 1 |
_aالتيفاشي، أحمد بن يوسف، _d580-651 هـ.، _921348 _eمؤلف. |
|
| 245 | 1 | 0 |
_aكتاب أزهار الأفكار في جواهر الأحجار / _cلأحمد بن يوسف التيفاشي المتوفى عام 651 هـ ؛ حققه وعلق عليه وشرحه الدكتور محمد يوسف حسن، أستاذ الجيولوجيا، وعميد كلية العلوم، جامعة الأزهر، الدكتور محمود بسيوني خفاجي، رئيس قسم الجيولوجيا، كلية العلوم، جامعة الأزهر. |
| 264 | 1 |
_aالقاهرة : _bالهيئة المصرية العامة للكتاب، _c1977. |
|
| 300 |
_a327 صفحة : _bإيضاحيات ؛ _c24 سم. |
||
| 336 |
_2rdacontent _aنص _btxt |
||
| 337 |
_aبدون وسيط _2rdamedia _bn |
||
| 338 |
_aمجلد _bnc _2rdacarrier |
||
| 490 | 0 |
_aمطبوعات مركز تحقيق التراث. _aسلسلة الجيولوجيا عند العرب ؛ _v1 |
|
| 500 | _aيشتمل على حواشي. | ||
| 650 | 7 |
_aالأحجار. _921538 _2BUEsh |
|
| 655 | _vReading book | ||
| 700 | 1 |
_aحسن، محمد يوسف، _921350 _eمحقق، _eمعلق، _eشارح. |
|
| 700 | 1 |
_aخفاجي، محمود بسيوني، _921349 _eمحقق، _eمعلق، _eشارح. |
|
| 942 |
_cBB _k553.5 ت ي ف _2ddc |
||
| 999 |
_c6779 _d6779 |
||